Normal view
MARC view
- فريق من خبراء المنظمة العربية للتنمية الادارية؛ اشراف:عبد القادر فتحي لاشين
Entry Personal Name
001 - CONTROL NUMBER
- control field: 32869
003 - CONTROL NUMBER IDENTIFIER
- control field: JO-AjAnu
005 - DATE AND TIME OF LATEST TRANSACTION
- control field: 20230606075523.0
008 - FIXED-LENGTH DATA ELEMENTS
- fixed length control field: 230606|| aca||aabn | a|a d
040 ## - CATALOGING SOURCE
- Original cataloging agency: JO-AjAnu
- Transcribing agency: JO-AjAnu
100 ## - HEADING--PERSONAL NAME
- Personal name: فريق من خبراء المنظمة العربية للتنمية الادارية؛ اشراف:عبد القادر فتحي لاشين
670 ## - SOURCE DATA FOUND
- Source citation: Work cat.: (JO-AjAnu)16886: فريق من خبراء المنظمة العربية للتنمية الادارية؛ اشراف:عبد القادر فتحي لاشين, author, المفاهيم الحديثة في ادارة خدمات النقل واللوجيستيات